000 00481nam a22001577a 4500
020 _a9780521739177
082 _a428.0076 JAK
100 _aJakeman, Vanessa
245 _aCambridge IELTS 7 with answers : examination papers from university of cambridge esol examinations
260 _aUK
_bCambridge University Press,
_c2009
300 _a176 p.
_eCD-ROM
490 _aIelts practice tests.
650 _aExamination Papers IELTS
700 _aMcDowell, Clare
942 _cBK
999 _c491116
_d491116